| 000 | 00984nam a2200325 a 4500 | ||
|---|---|---|---|
| 001 | 000107937 | ||
| 003 | CHAP | ||
| 005 | 20220329143950.0 | ||
| 008 | 131121s2011 mx a |r| |||||||spa d | ||
| 010 | _a104399 | ||
| 011 | _a105371 | ||
| 020 | _a9786070227868 | ||
| 040 | _cCHAP | ||
| 082 | 0 | 4 |
_a575.0162 _bD22 |
| 245 | 0 | 0 |
_aDarwin : _bel arte de hacer ciencia / _ceditado por Ana Barahona, Edna Suárez y Hans-Jörg Rheinberger. |
| 260 |
_aMéxico, D.F. : _bUNAM. Facultad de Ciencias, _c2011. |
||
| 300 |
_a246 p. : _bil., gráf. |
||
| 490 | 1 | _aLas prensas de ciencias | |
| 590 |
_aE6096MTM _b05 _c20131121 _lUCH01 _h1417 |
||
| 650 | 1 | 4 |
_aDarwin, Charles _931104 |
| 650 | 1 | 4 |
_aEvolución. _939007 |
| 650 | 1 | 4 |
_aSelección natural. _9103780 |
| 700 | 0 |
_aBarahona, Ana _eed. _910033 |
|
| 700 | 1 |
_aRheinberger, Hans-Jörg _eed. _9124674 |
|
| 700 | 1 |
_aSuárez, Edna _eed. _9124673 |
|
| 830 | 4 |
_aLas prensas de ciencias _965007 |
|
| 901 | _aBK | ||
| 942 | _cLIBRO | ||
| 942 | _n0 | ||
| 999 |
_c104399 _d104399 |
||